000 01050nam a2200253 i 4500
001 189666
003 ES-MaACL
005 20251012190622.0
008 190902s1946 sp |||| | spa d
100 1 _aKretschmer, Paul (
_d1866-1956)
_9168039
245 1 0 _aIntroducción a la lingüística griega y latina /
_cP. Kretschmer ; traducción de S. Fernández Ramirez y M. Fernández-Galiano.
260 _aMadrid :
_bInstituto Antonio de Nebrija,
_c1946.
300 _aXII, 254 p. ;
_c24 cm.
490 1 _aColección de Manuales "Emérita" ;
_v4
594 _aPrecede al tít.: Consejo Superior de Investigaciones Científicas. Patronato Menéndez Pelayo.
650 4 _aLengua griega.
_914240
650 0 4 _aLengua latina.
_914291
700 1 _aFernández Ramírez, Salvador,
_d1896-1983
_950022
700 1 _aFernández-Galiano, Manuel (
_d1918-1988)
_9150962
710 2 _aPatronato "Marcelino Menéndez Pelayo"
_96189
830 0 _aColección de Manuales "Emérita" ;
_v4
_9193364
852 _aES-MaACL
_jP-746-4
999 _c189666
_d189666